Babel : revista de arte y crítica /

Detalles Bibliográficos
Otros Autores: Gutierrez, Patricio
Formato: Revista
Lenguaje:español
Publicado: Santiago, Chile LOM 2008
Materias:
Acceso en línea:

MARC

LEADER 00000cas a2200000 a 4500
001 025904
003 UAHC_CL
005 20170803122607.0
008 101115b cl 000 spa
020 |a 9789560000279 
040 |a UAHC_CL  |c UAHC_CL  |d UAHC_CL 
245 1 0 |a Babel :  |b revista de arte y crítica /  |c Patricio Gutierrez, ed. 
260 |b LOM  |c 2008  |a Santiago, Chile 
300 |a v. 
650 4 |a MARXISMO 
653 |a PSICOLOGIA 
700 1 |a Gutierrez, Patricio 
900 |a BABEL (ARTE Y CRITICA)-03/08 
942 |c REV 
952 |0 0  |1 0  |4 0  |6 BABEL_ARTE_Y_CRITICA03_08_000000000000000  |7 0  |8 General  |9 52622  |a BC  |b BC  |c General  |d 2017-08-03  |l 0  |o BABEL (ARTE Y CRITICA)-03/08  |p 1380788  |r 2019-01-04 00:00:00  |t 1  |w 2017-08-03  |y REV 
999 |c 25904  |d 25904